| 000 | 01112nam a22003017a 4500 | ||
|---|---|---|---|
| 001 | 867 | ||
| 005 | 20231211150952.0 | ||
| 020 |
_a0399225277 : _c$17.95 ($23.50 CAN) |
||
| 040 |
_aDLC _cDLC _dDLC _beng |
||
| 050 | 0 | 0 |
_aG175 _b.F75 1994 |
| 082 | 0 | 0 |
_a910.922 _220 |
| 100 | 1 | _aFritz, Jean. | |
| 245 | 1 | 0 |
_aAround the world in a hundred years : _bfrom Henry the Navigator to Magellan / _cJean Fritz ; illustrated by Anthony Bacon Venti. |
| 250 | _aFirst Scholastic printing, October, 1994. | ||
| 260 |
_aNew York : _bScholastic, _c1994. |
||
| 300 |
_a128 pages : _billustrations, maps ; _c23 cm. |
||
| 505 | _aZ' | ||
| 520 | _aExamines the great wave of European exploration during the fifteenth century which resulted in more accurate maps. | ||
| 521 |
_a1050 _bLexile |
||
| 521 |
_aZ'
_bRaz-Plus |
||
| 650 | 0 |
_aExplorers _xJuvenile literature. |
|
| 650 | 0 |
_aDiscoveries in geography _xJuvenile literature. |
|
| 650 | 1 | _aExplorers. | |
| 650 | 1 | _aDiscoveries in geography. | |
| 700 | 1 |
_aVenti, Anthony Bacon, _eillustrator. |
|
| 906 |
_a7 _bcbc _corignew _d1 _eocip _f19 _gy-gencatlg |
||
| 942 |
_2ddc _cBK _n0 |
||
| 999 |
_c867 _d867 |
||